MDQL
is popping MORE tags! Check the
thread
!
Quizzes
Events
Quiz Creation
Community
Videos
Private Events
Remove Ads
Sign In
Join for FREE
Feedback
Dark Mode
Quiz Categories
Sports
Geography
Music
Movies
Television
Just For Fun
Miscellaneous
History
Literature
Language
Science
Gaming
Entertainment
Religion
Holiday
For Kids
Quiz Lab
Recent
Popular Today
Quiz Kudos Today
Editor Picks
Curator Picks
Quizzes by...
Day
Popularity
Type
Ratings
Length
Year
Community
Subscriptions
Recent Discussions
Orange Saloon
Badges
Playlists
Quests
Create
Leaderboards
Showdown
Live 5
Trivia Bingo
Activity
Puzzle Library
Sporcle Events
Private Events
Virtual Trivia
Globe League
Become a Host
Pub Owners
SporcleCon
Opinionation
Our Games
Videos
Blog
Mobile Apps
Partnerships
Remove Ads and Go Orange
Feedback
Sports
Athletes
MLB
NBA
NHL
NFL
Soccer
Sports Teams
WWE
NCAA
Football
Premier League
Basketball
Baseball
Hockey
Golf
Tennis
Cricket
Rugby
Auto Racing
Olympics
World Cup
Sports
Athletes
MLB
NBA
NHL
NFL
Soccer
Sports Teams
WWE
NCAA
Football
Premier League
Basketball
Baseball
Hockey
Golf
Tennis
Cricket
Rugby
Auto Racing
Olympics
World Cup
Random Quiz
Search Sporcle
×
Quiz Lab
Quiz Lab
Sports
Spelling
Type in answers that appear in a list
Type in answers that appear in a list
Classic
Best Score? Go Orange.
Hard Sports Names Stats
Can you name the sports figures with tough names?
By
rgottfried
5m
20 Questions
676 Plays
676 Plays
676 Plays
Comments
Comments
Give Quiz Kudos
Give Quiz Kudos
-
- Ratings
hide this ad
Replay
Link that replays current quiz
Next Quiz
Link to next quiz in quiz playlist
You Got
0%
They Got
Avg Score
43%
Avg Friend Score
Upgrade to see
Score Distribution
Jump to the score distribution portion of the page
Score
0/20
Timer
05:00
0
Plays Today
Person
Spelling
% Correct
NFL: Vikings QB Brett
Favre
82.4%
MLB: Yankees Pitcher Andy
Pettitte
75.7%
NFL: Chargers Linebacker Merriman
Shawne
60.6%
MLB: White Sox Perfect Game Pitcher Mark
Buehrle
60.3%
NBA: Miami Heat Star Wade
Dwyane
56.6%
MLB: Yankees 1B Mark
Teixeira
56.4%
MLB: Angels Utility Player Figgins
Chone
51.1%
NBA: Wizards Forward Jamison
Antawn
47.7%
NFL: Redskins Wide Receiver Randle El
Antwaan
46.7%
NFL: Seahawks Receiver TJ
Houshmandzadeh
45.5%
Person
Spelling
% Correct
NHL: Rangers Goalie Henrik
Lundqvist
35.3%
NCAA: Duke Men's Basketball Coach Mike
Krzyzewski
33.3%
NHL: Oilers Goalie Nikolai
Khabibulin
33.3%
NHL: Blackhawks Captain Jonathan
Toews
33%
MLB: Dodgers 1B Doug
Mientkiewicz
29.5%
NHL: Former NHL MVP Sergei
Fedorov
29.3%
NBA: Player Wally
Szczerbiak
28.9%
MLB: Angels Manager Mike
Scioscia
28.4%
NFL: Bengals Wide Receiver Coles
Laveranues
18.5%
NHL: Capitals Defenseman Morrisonn
Shaone
11.3%
Quiz Playlist
Details
Report
Send in Message
Add To Playlist
Classic:
Type in answers that appear in a list
Last Updated: Feb 16, 2017
Quiz Scoreboard
CHALLENGE
Sign Up to Join the Scoreboard
Show All
Scores
Hide
Comments
May contain spoilers
Recently Published
5x2 Blitz: Bands
by SL_Kpop136
Music
30s
Colored Red Africa Blitz
by spor1
Geography
30s
Find the 'City' Movie
by crazypaving
Movies
60s
More to Explore
Quiz From the Vault
Featured Blog Post
14 Easter Pick-up Lines to Find Eggs With
hide this ad
You Might Also Like...
Tags
hard
Person
pronunciation
Spelling
tough
Today's Top Quizzes in Sports
Browse Sports
hide this ad
Today's Top Quizzes in Spelling
Browse Spelling
Top Contributed Quizzes in Sports
1
Les entraîneurs de l'OM et du PSG au 21e siècle
2
Les meilleurs buteurs des matchs entre le PSG et l’OM
3
Les joueurs passés par le PSG et l'OM
4
Players with Multiple 50 Home Run Seasons
5
2022 World Cup Stars
6
Criteria MLB: Left Handed Sluggers
7
NBA Logic Puzzle 2.0
8
MLB Players with Two .350 Batting Average Seasons
9
Top 10 NHL Goal Scorers of All Time
10
Les joueurs passés par le LOSC et le RC Lens
Explore More
Trending Topics
Harry Potter
Marvel
Crossword
Disney
Anime
Kpop
NBA
Puzzle
WWE
Pokémon
Soccer
The Office
Country
Song
NFL
hide this ad
More By:
rgottfried
Quiz
Plays
Rating
Category
Featured
Created
Indiana Jones
2,581
3.60
Movies
Oct 20, 2009
5 goals in 5 situations in the NHL
736
4.25
Sports
Oct 28, 2009
Hard Sports Names
676
4.22
Sports
Sep 23, 2009
Beatles Trivia
563
4.50
Music
Aug 6, 2010
States and Capitals with same letter
416
5.00
Geography
Feb 26, 2010
Go to Creator's Profile
Score Distribution
Quiz Creator Spotlight
rgottfried
Follow
Send a Message
Quizzes Created
-
Created Quiz Play Count
-
More By This Creator
Popular Quizzes Today
1
Colored Red Africa Blitz
2
Find the 'City' Movie
3
5x2 Blitz: Bands
4
Find the US States - No Outlines Minefield
5
The Countries of the World
6
Find the US States
7
US States
8
Find the Countries of Europe - No Outlines Minefield
More Sports Quizzes
FIFA World Cup Winner 11s: Brazil 1970
Quiz Lab
Trending Quizzes
Colored Red Europe Blitz I
Colored Red Europe Blitz II
Colored Red Africa Blitz II
Colored Red Europe Blitz III
Colored Red Africa Blitz III
Recently Updated
How Do You Spell That?
pecheneg
Godzilla Movies
pecheneg
Grab Bag: 4-10 Letters
pecheneg
2024 March Madness Bracket
pecheneg
Famous TV Couples
Peacemaker
Champions League XIs: Real Madrid
pecheneg
Largest US Cities 1790-2010
pecheneg
Rides in Walt Disney World
pecheneg
Most Oscar Losses (Acting)
pecheneg
Beyoncé Albums
pecheneg
Trending Topics
Anime
Kpop
Disney
Harry Potter
Marvel
NBA
Crossword
Soccer
Country
Pokémon
The Office
Song
Puzzle
NFL
WWE
Your Account Isn't Verified!
In order to create a playlist on Sporcle, you need to verify the email address you used during registration. Go to your
Sporcle Settings
to finish the process.
Report this User
Report this user for behavior that violates our
Community Guidelines
.
Details:
Send Report
Go to the Sporcle.com Mobile Site →
Comments